00135nam a22000617a 4500082001800000100002200018245003300040 a624.1821bMAY aGaylord, Edwar H. aDesign of steel structures /